Sports Quiz

Random Sports or World Cup Quiz

Cricket World Cup Runners Up Quiz Stats

 Plays Quiz not verified by Sporcle

Challenge
Share
Tweet
Embed
Score 0/10 Timer 01:00
0 Plays Today
% Correct
India
99.1%
Sri Lanka
98.3%
Sri Lanka
98.3%
England
97.4%
England
97.4%
England
97.4%
Australia
96.6%
Australia
96.6%
West Indies
95.7%
Pakistan
94.8%

You're not logged in!

Compare scores with friends on all Sporcle quizzes.
OR
Log In

You Might Also Like...

Show Comments

Extras

Top Quizzes Today


Score Distribution

Your Account Isn't Verified!

In order to create a playlist on Sporcle, you need to verify the email address you used during registration. Go to your Sporcle Settings to finish the process.

Report this User

Report this user for behavior that violates our Community Guidelines.

Details: